[Event "DEN-chT 1213"]
[Site "Denmark"]
[Date "2013.03.10"]
[Round "9.7"]
[White "Brorsen, Jacob Abildlund"]
[Black "Simonsen, Carsten"]
[Result "0-1"]
[WhiteElo "2129"]
[BlackElo "2187"]
[PlyCount "140"]
[EventDate "2012.10.27"]
[EventType "team-tourn"]
[EventRounds "9"]
[EventCountry "DEN"]
[SourceTitle "EXT 2014"]
[Source "ChessBase"]
[SourceDate "2013.11.20"]
[SourceVersion "1"]
[SourceVersionDate "2013.11.20"]
[SourceQuality "1"]
[WhiteTeam "BMS"]
[BlackTeam "Obro"]
[WhiteTeamCountry "DEN"]
[BlackTeamCountry "DEN"]

1. d4 Nf6 2. c4 g6 3. Nc3 d5 4. Bg5 Bg7 5. Bxf6 Bxf6 6. cxd5 c5 7. dxc6 Nxc6 8. e3 0-0 9. Be2 Qa5 10. Nf3 e5 11. dxe5 Nxe5 12. Nd4 Nc6 13. Nb3 Bxc3+ 14. bxc3 Qxc3+ 15. Qd2 Qe5 16. 0-0 Rd8 17. Qc2 Bf5 18. Qc5 Rd5 19. Qc4 Rad8 20. Rfe1 Qe7 21. Rac1 Bd3 22. Bxd3 Ne5 23. Qc7 R5d7 24. Qc5 Nxd3 25. Qxe7 Rxe7 26. Red1 Red7 27. Rc4 Nb2 28. Rxd7 Rxd7 29. Rc8+ Kg7 30. Nd4 Na4 31. Kf1 Nb6 32. Rc1 Nd5 33. Ke2 a6 34. a3 Kf6 35. Kd3 Ke5 36. f4+ Kd6 37. Ne2 f5 38. Nd4 Re7 39. Nc2 Rc7 40. Rb1 Rc3+ 41. Kd2 b5 42. g4 Kc5 43. gxf5 gxf5 44. Rg1 Kc4 45. Rg7 Rd3+ 46. Kc1 Nxe3 47. Rxh7 Nxc2 48. Kxc2 Rxa3 49. Rc7+ Kb4 50. h4 Rf3 51. h5 Rxf4 52. h6 Rh4 53. h7 Rh3 54. Kd2 a5 55. Kc2 a4 56. Rb7 a3 57. Kb1 Rh1+ 58. Ka2 Rh2+ 59. Kb1 Ka4 60. Rd7 b4 61. Ra7+ Kb3 62. Kc1 a2 63. Kd1 Kb2 64. Ra4 a1Q+ 65. Rxa1 Kxa1 66. Kc1 b3 67. h8Q+ Rxh8 68. Kd2 b2 69. Ke3 b1Q 70. Kd4 Qe4+ 0-1

[Event "DEN-chT 1213"]
[Site "Denmark"]
[Date "2013.01.13"]
[Round "5.6"]
[White "Simonsen, Carsten"]
[Black "Aabling Thomsen, Jakob"]
[Result "1-0"]
[WhiteElo "2187"]
[BlackElo "2341"]
[PlyCount "153"]
[EventDate "2012.10.27"]
[EventType "team-tourn"]
[EventRounds "9"]
[EventCountry "DEN"]
[SourceTitle "EXT 2014"]
[Source "ChessBase"]
[SourceDate "2013.11.20"]
[SourceVersion "1"]
[SourceVersionDate "2013.11.20"]
[SourceQuality "1"]
[WhiteTeam "Obro"]
[BlackTeam "Bronshoj"]
[WhiteTeamCountry "DEN"]
[BlackTeamCountry "DEN"]

1. c4 Nf6 2. g3 g6 3. Bg2 d5 4. cxd5 Nxd5 5. Nc3 Nb6 6. d3 Bg7 7. Be3 h5 8. Nf3 Nc6 9. Qd2 e5 10. 0-0 Nd4 11. Bg5 f6 12. Be3 Nf5 13. Bc5 h4 14. e4 Nd6 15. Nxh4 g5 16. Nf5 Nxf5 17. exf5 Bxf5 18. Bxb7 Rb8 19. Be4 Qd7 20. Qe2 Bh3 21. Rfe1 Kf7 22. Rac1 Rh6 23. Bxb6 axb6 24. Nd5 c5 25. Ne3 Be6 26. a3 Rbh8 27. Nf1 Bg4 28. Bf3 Bh3 29. Bg2 Bg4 30. Qe4 Rd8 31. Rc3 Bf5 32. Qe3 Bf8 33. Be4 Bh3 34. Bg2 Bf5 35. Be4 Bh3 36. Bg2 Be6 37. Qe4 Qb5 38. b3 Bd5 39. Qa4 Qxa4 40. bxa4 Bxg2 41. Kxg2 Rd4 42. Rb1 Rxa4 43. Rxb6 c4 44. Rxc4 Rxc4 45. dxc4 Bxa3 46. Ne3 Bc5 47. Rb7+ Ke6 48. Nd5 f5 49. Rb5 Kd6 50. Ra5 Rh8 51. Ra6+ Kd7 52. Rf6 f4 53. Rf5 Bd4 54. Rxg5 f3+ 55. Kxf3 Rf8+ 56. Ke4 Rxf2 57. h4 Kd6 58. Rg8 Re2+ 59. Kd3 Re1 60. h5 Bf2 61. Rg4 Rh1 62. Nf6 Ke6 63. Ne4 Bd4 64. Rh4 Ra1 65. h6 Ra3+ 66. Ke2 Ra8 67. h7 Rh8 68. c5 Kf5 69. Kf3 Kg6 70. c6 Bb6 71. Nc3 Bd8 72. Rh1 Rf8+ 73. Ke4 Bf6 74. Nd5 Bg7 75. Ne7+ Kf7 76. Rf1+ Bf6 77. Nd5 1-0

[Event "DEN-chT 1213"]
[Site "Denmark"]
[Date "2012.12.02"]
[Round "3.6"]
[White "Simonsen, Carsten"]
[Black "Schmidt, Kresten"]
[Result "1/2-1/2"]
[WhiteElo "2187"]
[BlackElo "2264"]
[PlyCount "126"]
[EventDate "2012.10.27"]
[EventType "team-tourn"]
[EventRounds "9"]
[EventCountry "DEN"]
[SourceTitle "EXT 2023"]
[Source "ChessBase"]
[SourceDate "2022.10.05"]
[SourceVersion "1"]
[SourceVersionDate "2022.10.05"]
[SourceQuality "1"]
[WhiteTeam "Obro"]
[BlackTeam "Valby K41"]
[WhiteTeamCountry "DEN"]
[BlackTeamCountry "DEN"]

1. c4 e5 2. g3 Nf6 3. Bg2 d5 4. cxd5 Nxd5 5. Nc3 Nb6 6. Nf3 Nc6 7. 0-0 Be7 8. a3 a5 9. d3 0-0 10. Be3 Be6 11. Na4 Nxa4 12. Qxa4 Bd5 13. Rac1 Re8 14. Bc5 Bf6 15. e4 Be6 16. Rfd1 Bg4 17. h3 Bxf3 18. Bxf3 Be7 19. Be3 Bg5 20. Rc5 Re6 21. Rd5 Qf6 22. Kg2 Bxe3 23. fxe3 Qg5 24. Re1 Rg6 25. g4 h5 26. Qc2 hxg4 27. hxg4 Ne7 28. Rc5 Rf6 29. Qf2 Nc6 30. Rh1 Rh6 31. Rxh6 Qxh6 32. Rc1 Rd8 33. Be2 Rd6 34. Rh1 Qf6 35. Qg3 g5 36. Qh3 Ne7 37. Qh7+ Kf8 38. Rf1 Qg7 39. Qxg7+ Kxg7 40. Rc1 Rc6 41. Rxc6 Nxc6 42. Kf2 Kf6 43. Ke1 Ke6 44. Kd2 Kd6 45. Kc3 Kc5 46. b4+ axb4+ 47. axb4+ Kd6 48. Kc4 Na7 49. Bd1 f6 50. Bb3 Nc8 51. Kb5 c6+ 52. Kc4 Ne7 53. Kc3 Ng6 54. d4 Nh4 55. Kd3 Kc7 56. Bd1 Kb6 57. Ba4 Kc7 58. Bd1 Ng6 59. Ba4 Ne7 60. Kc3 Nc8 61. Bc2 Nd6 62. Bd3 Kb6 63. Kb3 Kc7 1/2-1/2